[Event "Whitsun Grandmasters IM 2014"]
[Site "Copenhagen"]
[Date "2014.06.03"]
[Round "1"]
[White "Hansen, Soren Bech"]
[Black "Carstensen, Jacob"]
[Result "1-0"]
[WhiteElo "2325"]
[BlackElo "2383"]
[PlyCount "93"]
[EventDate "2014.??.??"]

1. e4 e6 2. d4 d5 3. e5 c5 4. c3 Qb6 5. Nf3 Nc6 6. a3 Nh6 7. b4 cxd4 8. Bxh6
gxh6 9. cxd4 a5 10. b5 Ne7 11. Bd3 Ng6 12. O-O Nf4 13. Bc2 Bd7 14. a4 Bb4 15.
Ra2 Rg8 16. g3 Nh3+ 17. Kg2 Ng5 18. Nbd2 Rc8 19. h4 Nxf3 20. Nxf3 Rg7 21. Qc1
Bf8 22. Qe3 h5 23. Bd3 Rc3 24. Rc1 Rb3 25. Rb1 Rc3 26. Qd2 Bb4 27. Qd1 h6 28.
Rc1 Rg4 29. Rac2 Ra3 30. Be2 Kd8 31. Ra1 Rc3 32. Raa2 Re4 33. Bd3 Rg4 34. Qe2
Rb3 35. Rc1 Rc3 36. Rxc3 Bxc3 37. Qe3 Bxd4 38. Qxh6 Be8 39. Rc2 Bc5 40. Ng5
Rxa4 41. Qf6+ Be7 42. Nxf7+ Kd7 43. Qh8 Rg4 44. Ng5 Qd8 45. b6 Qxb6 46. Bg6
Bxg6 47. Qc8# 1-0

[Event "Whitsun Grandmasters IM 2014"]
[Site "Copenhagen"]
[Date "2014.06.03"]
[Round "1"]
[White "Milchev, Nikolay"]
[Black "Schou Moldt, Thomas"]
[Result "1-0"]
[WhiteElo "2422"]
[BlackElo "2215"]
[PlyCount "81"]
[EventDate "2014.??.??"]

1. Nf3 g6 2. d4 Nf6 3. c4 Bg7 4. Nc3 O-O 5. e4 d6 6. h3 a5 7. Bg5 h6 8. Be3
Nfd7 9. Qd2 Kh7 10. g4 e5 11. dxe5 Nxe5 12. Nxe5 dxe5 13. O-O-O Qxd2+ 14. Rxd2
Be6 15. Be2 Rc8 16. h4 Na6 17. g5 h5 18. Nd5 Bxd5 19. cxd5 Bf8 20. Bxa6 Rxa6
21. Rc2 Bd6 22. Kd2 Rd8 23. Ke2 Kg8 24. Rhc1 Kf8 25. Rxc7 Bxc7 26. Rxc7 Ke8 27.
Rxb7 Rd7 28. Rb5 a4 29. Kd3 Rc7 30. Bd2 f6 31. Rb8+ Kf7 32. Bc3 Re7 33. f4 exf4
34. gxf6 Rxf6 35. e5 f3 36. e6+ Rexe6 37. dxe6+ Rxe6 38. Rb4 g5 39. hxg5 Kg6
40. Rxa4 Kxg5 41. Bd2+ 1-0

[Event "Whitsun Grandmasters IM 2014"]
[Site "Copenhagen"]
[Date "2014.06.03"]
[Round "1"]
[White "Nilsen, Joachim Birger"]
[Black "Schoorl, Rob"]
[Result "1-0"]
[WhiteElo "2334"]
[BlackElo "2337"]
[PlyCount "91"]
[EventDate "2014.??.??"]

1. c4 f5 2. Nc3 Nf6 3. g3 e6 4. Bg2 c6 5. Nf3 d5 6. d4 Bd6 7. O-O O-O 8. Qc2
Ne4 9. Rb1 Nd7 10. b4 b5 11. cxb5 Nxc3 12. Qxc3 cxb5 13. Bf4 Bxf4 14. gxf4 Nb6
15. Nd2 Bd7 16. Nb3 Nc4 17. Nc5 Rf6 18. Rfd1 Be8 19. Rd3 Bh5 20. Rg3 Qd6 21. e3
h6 22. Ra1 a5 23. Bf1 axb4 24. Qxb4 Be8 25. Be2 Ra4 26. Qc3 Ra3 27. Qc1 Ra8 28.
Kh1 Rf7 29. Bd1 Bc6 30. Bb3 Kh7 31. Qg1 Rg8 32. Qg2 g5 33. fxg5 Rfg7 34. gxh6
Rxg3 35. hxg3 e5 36. Qh3 f4 37. Qf5+ Qg6 38. Qxg6+ Kxg6 39. gxf4 exf4 40. Rg1+
Kf7 41. Rxg8 Kxg8 42. Bxc4 dxc4+ 43. e4 b4 44. d5 Bb5 45. Kg2 b3 46. Nxb3 1-0

[Event "Whitsun Grandmasters IM 2014"]
[Site "Copenhagen"]
[Date "2014.06.03"]
[Round "1"]
[White "Skousen, Nikolai"]
[Black "Nilssen, John Arni"]
[Result "1/2-1/2"]
[WhiteElo "2167"]
[BlackElo "2328"]
[PlyCount "122"]
[EventDate "2014.??.??"]

1. c4 c6 2. e4 e5 3. Nf3 d6 4. d4 Nd7 5. Nc3 Ngf6 6. Be2 Be7 7. O-O O-O 8. Re1
Qc7 9. b3 Re8 10. Bb2 Bf8 11. Qc2 a6 12. a3 b5 13. Rac1 Qa7 14. dxe5 dxe5 15.
b4 c5 16. cxb5 cxb4 17. axb4 Bxb4 18. bxa6 Nc5 19. Bb5 Bxa6 20. Bxa6 Qxa6 21.
Ra1 Qd3 22. Qxd3 Nxd3 23. Rxa8 Rxa8 24. Ra1 Re8 25. Nd1 Nxb2 26. Nxb2 Bc3 27.
Ra2 Nxe4 28. Nc4 f6 29. Ne3 Rd8 30. g3 Bb4 31. Ra4 Nd2 32. Nxe5 Bc5 33. N5c4
Nxc4 34. Rxc4 Bxe3 35. fxe3 Rd2 36. h3 Kf7 37. Kf1 h5 38. Rf4 Ke6 39. Rf2 Rd1+
40. Kg2 Ke5 41. Kf3 g5 42. Ra2 Rf1+ 43. Kg2 Rc1 44. Kf3 Rc4 45. Ra5+ Ke6 46.
Ra6+ Kf7 47. Ra7+ Kg6 48. Ra5 Rb4 49. Rc5 g4+ 50. hxg4 hxg4+ 51. Kf2 Kf7 52.
Ra5 Ke6 53. Rc5 Rb2+ 54. Kf1 Rd2 55. Ra5 f5 56. Rb5 Rd5 57. Rb4 Ke5 58. Ra4 Rd2
59. Rb4 Rd5 60. Ra4 Rd2 61. Rb4 Rd5 1/2-1/2

[Event "Whitsun Grandmasters IM 2014"]
[Site "Copenhagen"]
[Date "2014.06.03"]
[Round "1"]
[White "Pedersen, Daniel Vesterbaek"]
[Black "Lund, Silas"]
[Result "1/2-1/2"]
[WhiteElo "2275"]
[BlackElo "2410"]
[PlyCount "105"]
[EventDate "2014.??.??"]

1. e4 e6 2. d4 d5 3. Nc3 Nf6 4. e5 Nfd7 5. f4 c5 6. Nf3 Be7 7. Be3 b6 8. Qd2
O-O 9. O-O-O Nc6 10. Kb1 Bb7 11. h4 Rc8 12. a3 cxd4 13. Nxd4 Na5 14. h5 Nc4 15.
Bxc4 Rxc4 16. h6 g6 17. g4 a6 18. Rhf1 Qc8 19. Nce2 b5 20. Nc1 Nc5 21. f5 Ne4
22. Qe1 b4 23. a4 Bc6 24. Nce2 Bxa4 25. b3 Rc3 26. Bd2 Bb5 27. Nxb5 axb5 28.
fxe6 Rxc2 29. Rxf7 Rxf7 30. exf7+ Kxf7 31. Nd4 Rxd2 32. Rxd2 Nxd2+ 33. Qxd2
Qxg4 34. Qf2+ Ke8 35. e6 Qd1+ 36. Kb2 Kd8 37. Nc6+ Kc7 38. Nxe7 Kd6 39. Ng8
Kxe6 40. Qf6+ Kd7 41. Qf7+ Kd6 42. Qe7+ Kc6 43. Qxb4 Qe2+ 44. Ka3 Qe3 45. Ka2
Qf2+ 46. Kb1 Qf1+ 47. Kc2 Qf5+ 48. Kd2 Qf2+ 49. Kd3 Qf5+ 50. Kd2 Qf2+ 51. Kc1
Qf1+ 52. Kc2 Qf5+ 53. Kd2 1/2-1/2

[Event "Whitsun Grandmasters IM 2014"]
[Site "Copenhagen"]
[Date "2014.06.04"]
[Round "2"]
[White "Hansen, Soren Bech"]
[Black "Milchev, Nikolay"]
[Result "1/2-1/2"]
[WhiteElo "2325"]
[BlackElo "2422"]
[PlyCount "58"]
[EventDate "2014.??.??"]

1. e4 c5 2. Nf3 d6 3. Bb5+ Nd7 4. O-O a6 5. Bxd7+ Bxd7 6. d4 cxd4 7. Qxd4 e5 8.
Qd3 h6 9. Nc3 Nf6 10. Nd2 Qc7 11. Nc4 Rc8 12. Ne3 Be6 13. a4 Be7 14. Rd1 O-O
15. Bd2 Qb6 16. Be1 Rfe8 17. a5 Qc6 18. f3 Bc4 19. Nxc4 Qxc4 20. Ra4 Qc6 21.
Bf2 Red8 22. Raa1 Qc4 23. Ra4 Qc6 24. Raa1 Rd7 25. Rd2 Bd8 26. Kf1 Qc4 27. Ra4
Qc6 28. Ra1 Qc4 29. Ra4 Qc6 1/2-1/2

[Event "Whitsun Grandmasters IM 2014"]
[Site "Copenhagen"]
[Date "2014.06.04"]
[Round "2"]
[White "Schou Moldt, Thomas"]
[Black "Nilsen, Joachim Birger"]
[Result "1-0"]
[WhiteElo "2215"]
[BlackElo "2334"]
[PlyCount "83"]
[EventDate "2014.??.??"]

1. e4 c5 2. Nf3 g6 3. d4 cxd4 4. Nxd4 Bg7 5. Nc3 Nc6 6. Nb3 Nf6 7. Be2 O-O 8.
O-O d6 9. Bg5 Be6 10. Kh1 Rc8 11. f4 a6 12. Qd2 Na5 13. Nxa5 Qxa5 14. Bd3 Rfd8
15. f5 Bc4 16. Rad1 b5 17. fxg6 hxg6 18. Nd5 Qxd2 19. Nxe7+ Kf8 20. Rxd2 Nxe4
21. Nxg6+ Kg8 22. Ne7+ Kf8 23. Ng6+ Kg8 24. Ne7+ Kf8 25. Bxe4 Bxf1 26. Nxc8
Rxc8 27. Kg1 Bc4 28. b3 Re8 29. Rxd6 f5 30. Rd8 Rxd8 31. Bxd8 Bd4+ 32. Kh1 fxe4
33. bxc4 e3 34. Ba5 bxc4 35. Be1 Kf7 36. g4 Kg6 37. Kg2 Bb2 38. Kf3 Bc1 39. h4
Bd2 40. Bg3 c3 41. Bf4 e2 42. Bxd2 1-0

[Event "Whitsun Grandmasters IM 2014"]
[Site "Copenhagen"]
[Date "2014.06.04"]
[Round "2"]
[White "Carstensen, Jacob"]
[Black "Lund, Silas"]
[Result "1-0"]
[WhiteElo "2383"]
[BlackElo "2410"]
[PlyCount "127"]
[EventDate "2014.??.??"]

1. d4 d5 2. c4 c6 3. Nf3 Nf6 4. Nc3 e6 5. Bg5 Nbd7 6. cxd5 exd5 7. Qc2 Be7 8.
e3 Nh5 9. Bxe7 Qxe7 10. O-O-O Nb6 11. Bd3 Bg4 12. Kb1 Bxf3 13. gxf3 O-O-O 14.
Qb3 Kb8 15. a4 Nc8 16. a5 Nf6 17. Na4 Nd6 18. Rc1 Rc8 19. Rhe1 Rhe8 20. Nc5 Qd8
21. Bf5 Qxa5 22. Bxc8 Rxc8 23. e4 b6 24. e5 Nc4 25. Qc3 Qxc3 26. bxc3 Nh5 27.
Nd3 Nd2+ 28. Kc2 Nxf3 29. Re3 Ng5 30. Rg1 Ne6 31. f4 c5 32. dxc5 bxc5 33. Rh3
g6 34. f5 c4 35. fxe6 cxd3+ 36. Rxd3 fxe6 37. Rf1 Rc4 38. Rd4 Rc7 39. Rb4+ Kc8
40. Rf8+ Kd7 41. Rbb8 Ke7 42. Rbe8+ Kd7 43. Rf7+ Kxe8 44. Rxc7 h6 45. Kd3 Nf4+
46. Ke3 Ng2+ 47. Kd4 Nh4 48. Rxa7 Nf5+ 49. Kc5 g5 50. Rh7 Kf8 51. Kc6 Ke8 52.
h3 Kd8 53. Kb7 d4 54. cxd4 Nxd4 55. Rxh6 Nf3 56. Rxe6 Kd7 57. Rg6 Nxe5 58. Rxg5
Ke6 59. h4 Kf6 60. Rg3 Nf7 61. Kc7 Kf5 62. Kd7 Nh6 63. h5 Nf7 64. Rf3+ 1-0

[Event "Whitsun Grandmasters IM 2014"]
[Site "Copenhagen"]
[Date "2014.06.04"]
[Round "2"]
[White "Nilssen, John Arni"]
[Black "Pedersen, Daniel Vesterbaek"]
[Result "1/2-1/2"]
[WhiteElo "2328"]
[BlackElo "2275"]
[PlyCount "107"]
[EventDate "2014.??.??"]

1. d4 Nf6 2. c4 e6 3. Nc3 Bb4 4. Qc2 d5 5. a3 Bxc3+ 6. Qxc3 Ne4 7. Qc2 c5 8.
dxc5 Nc6 9. e3 Qa5+ 10. Bd2 Nxd2 11. Qxd2 dxc4 12. Qxa5 Nxa5 13. Rc1 b5 14.
cxb6 Bb7 15. f3 Ke7 16. bxa7 Rxa7 17. Ne2 Ba6 18. Nc3 Rd8 19. Be2 Nb3 20. Rc2
Na1 21. Rd2 Rb8 22. O-O Nb3 23. Rc2 Nc5 24. Rb1 Nd3 25. Rd2 Nc5 26. e4 Rab7 27.
Bf1 Rb3 28. Rc2 Nd3 29. Nd1 Rxa3 30. Bxd3 Rxd3 31. Ra1 Rb6 32. Kf2 Kf6 33. Ne3
Rdb3 34. Ra2 R3b4 35. Rd2 Rb3 36. Ng4+ Ke7 37. Ne5 f6 38. Ng4 Rd3 39. Rc2 Rbd6
40. Ne3 R3d4 41. Ra5 Rb6 42. Ke1 g6 43. Nd1 h5 44. Nc3 h4 45. Ne2 Rd7 46. g3
hxg3 47. hxg3 g5 48. Nc3 Rd3 49. Ke2 Bb7 50. Ra4 Rd4 51. Ke3 Rd3+ 52. Ke2 Rd4
53. Ke3 Rd3+ 54. Ke2 1/2-1/2

[Event "Whitsun Grandmasters IM 2014"]
[Site "Copenhagen"]
[Date "2014.06.04"]
[Round "2"]
[White "Schoorl, Rob"]
[Black "Skousen, Nikolai"]
[Result "0-1"]
[WhiteElo "2337"]
[BlackElo "2167"]
[PlyCount "80"]
[EventDate "2014.??.??"]

1. e4 c5 2. Nf3 g6 3. d4 cxd4 4. Nxd4 Nc6 5. Nc3 Bg7 6. Nde2 Nf6 7. g3 O-O 8.
Bg2 d6 9. O-O a5 10. a4 Nb4 11. h3 Bd7 12. Re1 Rc8 13. Be3 Bc6 14. Rc1 Nd7 15.
Qd2 Nc5 16. b3 f5 17. exf5 Bxg2 18. Kxg2 gxf5 19. Nb5 Ne4 20. Qd1 Bb2 21. Rb1
Rxc2 22. Ned4 Bxd4 23. Nxd4 Ra2 24. Ne6 Qe8 25. Nxf8 Qxf8 26. Bd4 e5 27. Bb2
Nc5 28. Re3 f4 29. Qg4+ Qg7 30. Qxg7+ Kxg7 31. gxf4 Nbd3 32. fxe5 Nxb2 33. Re2
Ncd3 34. exd6 Nf4+ 35. Kf1 Nxe2 36. d7 Nd3 37. d8=Q Nef4 38. Qg5+ Kf7 39. Qf5+
Kg7 40. Re1 Rxf2+ 0-1

[Event "Whitsun Grandmasters IM 2014"]
[Site "Copenhagen"]
[Date "2014.06.04"]
[Round "3"]
[White "Nilsen, Joachim Birger"]
[Black "Hansen, Soren Bech"]
[Result "1/2-1/2"]
[WhiteElo "2334"]
[BlackElo "2325"]
[PlyCount "136"]
[EventDate "2014.??.??"]

1. c4 Nf6 2. g3 e6 3. Bg2 c5 4. Nf3 d6 5. O-O Qc7 6. b3 b6 7. Bb2 Nbd7 8. e3
Bb7 9. Qe2 Be7 10. Nc3 Rc8 11. Rfd1 O-O 12. Rac1 Qb8 13. d4 cxd4 14. exd4 d5
15. Ne5 dxc4 16. Nxd7 Nxd7 17. d5 Nc5 18. bxc4 Bf6 19. Ba3 exd5 20. Nxd5 Bxd5
21. Bxd5 Rfe8 22. Qg4 Qc7 23. h4 Rcd8 24. Bb4 Re7 25. Qf3 Red7 26. Bd2 Ne6 27.
Be3 Qe5 28. a4 Nc7 29. Re1 Nxd5 30. Bxb6 Qxe1+ 31. Rxe1 Nxb6 32. Qc6 h6 33. a5
Nc8 34. Re8+ Rxe8 35. Qxd7 Rd8 36. Qc7 Re8 37. c5 h5 38. Kf1 Kf8 39. Qd7 g6 40.
Kg2 Be7 41. Qd4 Kg8 42. c6 Bd6 43. Qc4 Re7 44. g4 hxg4 45. Qxg4 Re6 46. Qc4 Kf8
47. Qb5 Re7 48. h5 gxh5 49. Qxh5 Rc7 50. Qd5 Ke7 51. Kh3 Kd8 52. Kg4 Re7 53. f4
Ke8 54. Qd4 Rc7 55. Qd5 Re7 56. Kf3 Kd8 57. f5 Ke8 58. f6 Re6 59. Qd4 Kd8 60.
Kg4 a6 61. Kg5 Re5+ 62. Kh6 Ke8 63. Kg7 Bf8+ 64. Kg8 Rg5+ 65. Kh7 Rh5+ 66. Kg8
Rg5+ 67. Kh7 Rh5+ 68. Kg8 Rg5+ 1/2-1/2

[Event "Whitsun Grandmasters IM 2014"]
[Site "Copenhagen"]
[Date "2014.06.04"]
[Round "3"]
[White "Milchev, Nikolay"]
[Black "Carstensen, Jacob"]
[Result "1/2-1/2"]
[WhiteElo "2422"]
[BlackElo "2383"]
[PlyCount "110"]
[EventDate "2014.??.??"]

1. Nf3 Nf6 2. c4 e6 3. g3 d5 4. Bg2 dxc4 5. Qa4+ Nbd7 6. Qxc4 c5 7. a4 b6 8.
O-O Bb7 9. Nc3 Be7 10. d3 O-O 11. Qb3 Nd5 12. Bd2 Nb4 13. Rfc1 Nf6 14. a5 Nfd5
15. Na4 Nc6 16. d4 Nxd4 17. Nxd4 cxd4 18. axb6 axb6 19. Nxb6 Rxa1 20. Rxa1 h6
21. Ra7 Bc6 22. Nxd5 Bxd5 23. Bxd5 exd5 24. Ra5 Qb8 25. Qxb8 Rxb8 26. Rxd5 Rxb2
27. Rxd4 Rb8 28. Re4 Bc5 29. Kg2 f6 30. Rc4 Bd6 31. g4 Rb5 32. Rd4 Be7 33. Rd7
Kf8 34. f4 h5 35. h3 hxg4 36. hxg4 Ke8 37. Rd3 Rb7 38. Kf3 Rd7 39. Ke4 Rb7 40.
g5 fxg5 41. fxg5 Kf7 42. Kf5 Rb5+ 43. Kg4 Kg6 44. e4 Bxg5 45. Bxg5 Rxg5+ 46.
Kf4 Ra5 47. Rd6+ Kf7 48. e5 Ra1 49. Rd7+ Ke6 50. Rd6+ Ke7 51. Rb6 Rf1+ 52. Ke4
Re1+ 53. Kf5 Rf1+ 54. Ke4 Re1+ 55. Kf5 Rf1+ 1/2-1/2

[Event "Whitsun Grandmasters IM 2014"]
[Site "Copenhagen"]
[Date "2014.06.04"]
[Round "3"]
[White "Skousen, Nikolai"]
[Black "Schou Moldt, Thomas"]
[Result "1/2-1/2"]
[WhiteElo "2167"]
[BlackElo "2215"]
[PlyCount "75"]
[EventDate "2014.??.??"]

1. c4 g6 2. g3 Bg7 3. Bg2 c5 4. Nc3 Nc6 5. Nf3 d6 6. O-O Bf5 7. d3 Qd7 8. Nd5
Nf6 9. Nf4 Qc8 10. Rb1 O-O 11. a3 e5 12. Nd5 Nxd5 13. cxd5 Ne7 14. Nd2 Bh3 15.
e4 Bxg2 16. Kxg2 f5 17. a4 Qd7 18. Nc4 f4 19. f3 g5 20. g4 Rf6 21. Bd2 h5 22.
h3 Rh6 23. Rh1 Ng6 24. Qb3 Bf8 25. Kf2 Qh7 26. Rhf1 hxg4 27. hxg4 Rh2+ 28. Ke1
Rh1 29. Ke2 Rh2+ 30. Kd1 Nh4 31. Be1 Ng2 32. Bf2 Rd8 33. Qb5 Qh3 34. Ke2 Nh4
35. Nd2 Ng2 36. Nc4 Nh4 37. Nd2 Ng2 38. Nc4 1/2-1/2

[Event "Whitsun Grandmasters IM 2014"]
[Site "Copenhagen"]
[Date "2014.06.04"]
[Round "3"]
[White "Pedersen, Daniel Vesterbaek"]
[Black "Schoorl, Rob"]
[Result "1/2-1/2"]
[WhiteElo "2275"]
[BlackElo "2337"]
[PlyCount "88"]
[EventDate "2014.??.??"]

1. e4 e5 2. Nf3 Nc6 3. Nc3 g6 4. d4 exd4 5. Nd5 Bg7 6. Bg5 Nce7 7. Nxd4 c6 8.
Nc3 h6 9. Bh4 d5 10. exd5 Qb6 11. Nb3 Qb4 12. Bxe7 Nxe7 13. dxc6 Bxc3+ 14. bxc3
Qxc3+ 15. Qd2 Qxc6 16. Nd4 Qe4+ 17. Qe3 Qxe3+ 18. fxe3 Nf5 19. Nxf5 Bxf5 20.
Bd3 Be6 21. Kd2 Ke7 22. Rab1 Rab8 23. a4 Rhd8 24. Rhf1 Rd5 25. Rf4 b6 26. Rd4
Rc5 27. Rb5 Rbc8 28. g3 g5 29. Rdb4 Rxb5 30. Rxb5 Bd7 31. Rb4 Rc5 32. Bb5 Be6
33. Bd3 Kd6 34. h4 Kc7 35. c3 a5 36. Rd4 Bd7 37. Re4 Kd6 38. Rd4+ Ke7 39. Re4+
Be6 40. Rd4 f6 41. Re4 Kd6 42. Rd4+ Ke7 43. Re4 Re5 44. Rd4 Rc5 1/2-1/2

[Event "Whitsun Grandmasters IM 2014"]
[Site "Copenhagen"]
[Date "2014.06.04"]
[Round "3"]
[White "Lund, Silas"]
[Black "Nilssen, John Arni"]
[Result "1-0"]
[WhiteElo "2410"]
[BlackElo "2328"]
[PlyCount "113"]
[EventDate "2014.??.??"]

1. d4 Nf6 2. c4 c5 3. d5 e5 4. Nc3 d6 5. e4 Nbd7 6. Bd3 g6 7. Nge2 Bg7 8. Ng3
a6 9. a4 h5 10. h4 b6 11. f3 Ng8 12. Nf1 a5 13. Qe2 Nb8 14. Bd2 Na6 15. O-O-O
Ra7 16. Ne3 Nb4 17. Bb1 Bh6 18. g3 Nf6 19. Rdf1 Re7 20. b3 Bd7 21. Ncd1 Qc8 22.
Bc3 Rf8 23. Kb2 Kd8 24. Nf2 Bg7 25. Ka3 Ne8 26. g4 Nf6 27. Rhg1 Rh8 28. g5 Ne8
29. f4 exf4 30. Bxg7 Nxg7 31. Ng2 Nf5 32. Nxf4 Nd4 33. Qb2 Kc7 34. Rg3 Bg4 35.
Nd1 Rhe8 36. Nc3 Qd7 37. Rf2 Re5 38. Ng2 Qe7 39. Rf6 Rg8 40. Qf2 Rg7 41. Ne3
Bd7 42. Rg1 Be8 43. Nf1 Na6 44. Nd2 Nb8 45. Nf3 Nxf3 46. Qxf3 Kd8 47. Rf1 Rh7
48. Rf4 Qf8 49. Rf6 Qe7 50. Rf2 Nd7 51. Rf4 Qf8 52. Qg3 Qe7 53. Bd3 Qf8 54. Bf1
Re7 55. Nb5 Re5 56. Bh3 Nb8 57. Nxd6 1-0

[Event "Whitsun Grandmasters IM 2014"]
[Site "Copenhagen"]
[Date "2014.06.05"]
[Round "4"]
[White "Milchev, Nikolay"]
[Black "Nilsen, Joachim Birger"]
[Result "0-1"]
[WhiteElo "2422"]
[BlackElo "2334"]
[PlyCount "58"]
[EventDate "2014.??.??"]

1. Nf3 Nf6 2. c4 b6 3. g3 Bb7 4. Bg2 c5 5. O-O g6 6. b3 Bg7 7. Bb2 O-O 8. d4
cxd4 9. Qxd4 d6 10. Qh4 Nbd7 11. Nc3 Rc8 12. Rad1 a6 13. Rfe1 Rc5 14. e4 Rh5
15. e5 Rxh4 16. exf6 Bxf6 17. Nxh4 Bxg2 18. Nxg2 Qa8 19. Re2 Bxc3 20. Bxc3 Qf3
21. Nf4 Qxc3 22. Rxe7 Nf6 23. Kg2 b5 24. Rd3 Qb4 25. Rb7 Qc5 26. cxb5 axb5 27.
f3 g5 28. Ne2 Qc2 29. Re3 Nd5 0-1

[Event "Whitsun Grandmasters IM 2014"]
[Site "Copenhagen"]
[Date "2014.06.05"]
[Round "4"]
[White "Hansen, Soren Bech"]
[Black "Skousen, Nikolai"]
[Result "1/2-1/2"]
[WhiteElo "2325"]
[BlackElo "2167"]
[PlyCount "87"]
[EventDate "2014.??.??"]

1. e4 c5 2. Nf3 g6 3. Bc4 Bg7 4. c3 e6 5. d4 cxd4 6. Nxd4 a6 7. O-O Ne7 8. Bg5
b5 9. Bb3 Nbc6 10. Nxc6 dxc6 11. Qf3 O-O 12. Bf6 Bxf6 13. Qxf6 c5 14. Rd1 Qc7
15. Nd2 c4 16. Bc2 Bb7 17. h4 Nc6 18. Nf3 Rad8 19. e5 Rxd1+ 20. Rxd1 Rd8 21.
Rxd8+ Qxd8 22. Qf4 Qe7 23. h5 Nb8 24. Ng5 Nd7 25. hxg6 hxg6 26. Be4 Bd5 27. Nf3
Kg7 28. Bxd5 exd5 29. Qd4 Qe6 30. g3 f6 31. exf6+ Nxf6 32. Ne5 Kh6 33. g4 Ne4
34. f3 Nf6 35. Kg2 g5 36. Kh3 Nh5 37. Kh2 Nf4 38. Qe3 a5 39. a3 b4 40. axb4
axb4 41. cxb4 Ng6 42. Nxc4 Qf6 43. Nd2 Qxb2 44. Qd3 1/2-1/2

[Event "Whitsun Grandmasters IM 2014"]
[Site "Copenhagen"]
[Date "2014.06.05"]
[Round "4"]
[White "Schou Moldt, Thomas"]
[Black "Pedersen, Daniel Vesterbaek"]
[Result "1-0"]
[WhiteElo "2215"]
[BlackElo "2275"]
[PlyCount "77"]
[EventDate "2014.??.??"]

1. e4 e5 2. Nf3 Nc6 3. d4 exd4 4. Nxd4 Bb4+ 5. Nc3 Nf6 6. Nxc6 bxc6 7. Bd3 d5
8. exd5 Qe7+ 9. Kf1 cxd5 10. Bg5 c6 11. Qf3 h6 12. Bxf6 Qxf6 13. Qxf6 gxf6 14.
Ne2 Rb8 15. Rd1 Be6 16. b3 O-O 17. h4 Rfd8 18. Nd4 Rbc8 19. Nf5 Bf8 20. Rh3 c5
21. Rf3 Kh8 22. Ba6 Rb8 23. Be2 Rb4 24. c4 d4 25. Bd3 a5 26. g4 a4 27. Bc2 axb3
28. axb3 Ra8 29. Rb1 Ra2 30. Be4 Ra3 31. Kg2 Ra2 32. Rg3 Re2 33. Kf3 Rd2 34. g5
d3 35. Ra1 Bxf5 36. Bxf5 Rxb3 37. Ra8 Rxf2+ 38. Kxf2 d2 39. Rg1 1-0

[Event "Whitsun Grandmasters IM 2014"]
[Site "Copenhagen"]
[Date "2014.06.05"]
[Round "4"]
[White "Carstensen, Jacob"]
[Black "Nilssen, John Arni"]
[Result "1/2-1/2"]
[WhiteElo "2383"]
[BlackElo "2328"]
[PlyCount "81"]
[EventDate "2014.??.??"]

1. d4 e6 2. c4 d5 3. Nc3 c6 4. e4 dxe4 5. Nxe4 Bb4+ 6. Nc3 c5 7. a3 Ba5 8. Nf3
Nf6 9. Be3 Nc6 10. Qd3 cxd4 11. Nxd4 Ne5 12. Qc2 Nfg4 13. Rd1 Nxe3 14. fxe3 Qg5
15. Qe4 Bxc3+ 16. bxc3 Ng4 17. Nb5 O-O 18. Rd3 e5 19. Nd6 Rb8 20. h4 Qg6 21.
Qxg6 hxg6 22. Be2 Nf6 23. Bf3 Bf5 24. Rd2 e4 25. Be2 b6 26. Rd4 Be6 27. O-O Nd7
28. Nxe4 Nc5 29. Ng5 Rfe8 30. Bf3 Re7 31. Rfd1 Kf8 32. Bc6 Rc7 33. Bd5 Bxd5 34.
cxd5 Re8 35. Re1 f6 36. Nf3 Nd7 37. c4 Rec8 38. Nd2 Ne5 39. Rc1 Rc5 40. a4 Ke7
41. Kf2 1/2-1/2

[Event "Whitsun Grandmasters IM 2014"]
[Site "Copenhagen"]
[Date "2014.06.05"]
[Round "4"]
[White "Schoorl, Rob"]
[Black "Lund, Silas"]
[Result "1/2-1/2"]
[WhiteElo "2337"]
[BlackElo "2410"]
[PlyCount "132"]
[EventDate "2014.??.??"]

1. e4 e6 2. d4 d5 3. Nc3 Nf6 4. e5 Nfd7 5. f4 c5 6. Nf3 Nc6 7. Be3 Be7 8. Be2
a6 9. O-O O-O 10. Qd2 b5 11. a3 Qb6 12. Kh1 Bb7 13. dxc5 Bxc5 14. Bxc5 Nxc5 15.
Bd3 h6 16. Qf2 b4 17. axb4 Qxb4 18. Ne2 f6 19. Qe3 fxe5 20. Nxe5 Nxe5 21. Qxe5
Rf6 22. Rfe1 Raf8 23. Kg1 Ba8 24. Qd4 Rxf4 25. Qxb4 Rxb4 26. Bxa6 Rxb2 27. Nd4
e5 28. Nf3 Rb6 29. Bf1 e4 30. Nd4 Ne6 31. Rad1 Nxd4 32. Rxd4 Rc8 33. c4 dxc4
34. Bxc4+ Kh8 35. Red1 Bb7 36. Bd5 Bxd5 37. Rxd5 Kh7 38. Re5 Rc4 39. Re1 Rbb4
40. Re2 Kg6 41. Kf2 Kf6 42. Re8 g5 43. Rf8+ Ke5 44. Re8+ Kf5 45. Rf8+ Kg6 46.
Re8 h5 47. Rg8+ Kf6 48. Rf8+ Kg7 49. Re8 h4 50. h3 Kf7 51. Re5 Kf6 52. Re8 Rd4
53. Rf8+ Ke6 54. Re8+ Kf7 55. Re5 Kf6 56. Re8 Ra4 57. Rf8+ Ke6 58. Re8+ Kd6 59.
g3 Ra3 60. gxh4 Rxh3 61. R8xe4 Rxe4 62. Rxe4 Rxh4 63. Rxh4 gxh4 64. Kf3 Ke5 65.
Kg4 Ke4 66. Kxh4 Kd4 1/2-1/2

[Event "Whitsun Grandmasters IM 2014"]
[Site "Copenhagen"]
[Date "2014.06.05"]
[Round "5"]
[White "Skousen, Nikolai"]
[Black "Milchev, Nikolay"]
[Result "0-1"]
[WhiteElo "2167"]
[BlackElo "2422"]
[PlyCount "118"]
[EventDate "2014.??.??"]

1. e4 c5 2. Nf3 d6 3. Bb5+ Nd7 4. O-O a6 5. Bxd7+ Bxd7 6. c3 Nf6 7. Re1 e6 8.
d4 Be7 9. Nbd2 cxd4 10. cxd4 O-O 11. Nf1 Rc8 12. Bg5 h6 13. Bxf6 Bxf6 14. Qd2
d5 15. exd5 exd5 16. Ne3 Be6 17. Rac1 Qb6 18. b4 Rxc1 19. Rxc1 Be7 20. a3 Bd6
21. g3 f5 22. Ng2 f4 23. Nxf4 Bxf4 24. gxf4 Bh3 25. Ne5 Qf6 26. Rc3 Be6 27. Rf3
Bf5 28. Re3 Qh4 29. Rg3 Rc8 30. Rc3 Rxc3 31. Qxc3 Qxf4 32. Qe3 Qh4 33. f4 Kh7
34. Qg3 Qe7 35. Qc3 Be4 36. Kf2 Qh4+ 37. Qg3 Qf6 38. Ke2 a5 39. Kf2 axb4 40.
axb4 Qa6 41. Qe3 Qa2+ 42. Qe2 Qa1 43. Qd2 Qh1 44. Ke3 Qg1+ 45. Qf2 Qb1 46. Qd2
Qh1 47. Qf2 Bf5 48. Qd2 Kg8 49. Nf3 Be4 50. Ne5 Qf1 51. Qf2 Qh3+ 52. Qg3 Qc8
53. Qe1 Kh7 54. Ke2 Kg8 55. Ke3 Kh7 56. Ke2 Qh3 57. Qg3 Qh5+ 58. Ke3 Qd1 59.
Nf3 Qb3+ 0-1

[Event "Whitsun Grandmasters IM 2014"]
[Site "Copenhagen"]
[Date "2014.06.05"]
[Round "5"]
[White "Pedersen, Daniel Vesterbaek"]
[Black "Hansen, Soren Bech"]
[Result "0-1"]
[WhiteElo "2275"]
[BlackElo "2325"]
[PlyCount "110"]
[EventDate "2014.??.??"]

1. e4 d5 2. exd5 Qxd5 3. Nc3 Qd6 4. d4 Nf6 5. Nf3 a6 6. Be2 Nbd7 7. O-O e6 8.
Ng5 c5 9. Be3 cxd4 10. Bxd4 Be7 11. Nge4 Qc7 12. Nxf6+ Nxf6 13. Na4 Bd7 14. c4
O-O 15. Qc2 Bc6 16. Rfd1 Rac8 17. Rac1 Qa5 18. Nc3 Qg5 19. Bf1 Rfd8 20. Bb6
Rxd1 21. Rxd1 h6 22. h3 Bc5 23. Bxc5 Qxc5 24. Qd3 Kf8 25. a3 a5 26. Qd4 Qxd4
27. Rxd4 e5 28. Rd1 a4 29. Bd3 Ke7 30. Bf5 Ra8 31. Re1 Kd6 32. c5+ Kxc5 33.
Rxe5+ Kd6 34. f4 Nd5 35. Nxd5 Bxd5 36. Be4 Ra5 37. Kf2 f6 38. Re8 Kd7 39. Bg6
Rb5 40. Re2 Kd6 41. Be8 Bc6 42. Bxc6 Kxc6 43. Kf3 Kd5 44. f5 Kc4 45. g4 Rb3+
46. Ke4 Rxh3 47. Rc2+ Kb3 48. Rc7 b5 49. Rb7 Kxb2 50. Rxb5+ Rb3 51. Ra5 Kxa3
52. Ra7 Rb4+ 53. Kf3 Kb3 54. Rxg7 a3 55. Re7 a2 0-1

[Event "Whitsun Grandmasters IM 2014"]
[Site "Copenhagen"]
[Date "2014.06.05"]
[Round "5"]
[White "Lund, Silas"]
[Black "Schou Moldt, Thomas"]
[Result "1-0"]
[WhiteElo "2410"]
[BlackElo "2215"]
[PlyCount "173"]
[EventDate "2014.??.??"]

1. d4 Nf6 2. c4 d6 3. Nc3 g6 4. e4 Bg7 5. Be2 O-O 6. Nf3 e5 7. O-O Nc6 8. d5
Ne7 9. b4 Nh5 10. Re1 Nf4 11. Bf1 a5 12. bxa5 Rxa5 13. a4 c5 14. Nb5 Nh5 15.
Ra3 Kh8 16. g3 Ng8 17. Nh4 Ra6 18. Bg2 Bf6 19. Nf5 Ng7 20. Ne3 Nh5 21. Rf1 Bg5
22. Bb2 Bh6 23. f4 f6 24. Ng4 Bg7 25. f5 Bd7 26. Bc1 Be8 27. Bf3 Rf7 28. Nf2
Rd7 29. Ng4 Bf8 30. Ne3 Ng7 31. fxg6 hxg6 32. Bg4 Rf7 33. h4 Bd7 34. h5 g5 35.
Bxd7 Rxd7 36. g4 Nh6 37. Kg2 Be7 38. Kg3 Qa8 39. Bd2 Bd8 40. Qc2 Be7 41. Rb1
Bd8 42. Nd1 Rf7 43. Ne3 Qc8 44. Qd1 Qa8 45. Nc3 Ba5 46. Nb5 Bd8 47. Rba1 Kh7
48. R1a2 Qc8 49. Be1 Qd7 50. Rf2 Be7 51. Bc3 Rf8 52. Rb2 Rfa8 53. Bd2 Bd8 54.
Rba2 Ne8 55. a5 Ng7 56. Qf3 Kg8 57. Nd1 Kh7 58. Nb2 Ne8 59. Ra1 Kg7 60. Nd1 Kh7
61. Ne3 Ng7 62. Qd1 Kg8 63. Qe2 Kh7 64. Qf3 Kg8 65. Kf2 Kh7 66. Ke2 Kg8 67. Kd3
Kh7 68. Kc2 Kg8 69. Kb2 Kh7 70. Nc3 Qe7 71. Ne2 Qd7 72. Rb3 b6 73. Rb5 bxa5 74.
Ka3 R6a7 75. Rab1 Rc8 76. Ng3 Rcc7 77. Ngf5 Ngxf5 78. Nxf5 Nxf5 79. Qxf5+ Qxf5
80. exf5 Re7 81. Ka4 Kg7 82. Rb8 Bc7 83. h6+ Kh7 84. Rf8 Rd7 85. Rxf6 Bd8 86.
Rg6 Rdb7 87. Rb5 1-0